| 000 | 00635cam a2200193 4500 | ||
|---|---|---|---|
| 001 | L136975 | ||
| 008 | 070307s2007 xxk f 000 0 eng d | ||
| 035 | _a(Sirsi) u136975 | ||
| 041 | 0 | _aeng | |
| 100 | 1 | _aHumphreys, Emma | |
| 245 | 0 | 0 | _aHow to get what you're owed |
| 260 | _c2007 | ||
| 490 | 0 |
_aEstates Gazette _v(0709) 3 March 2007, 198-199(2) |
|
| 520 | _aConsiders the options that are open to landlords when recovering arrears of rent and discusses the relative merits of each. | ||
| 590 | _aKA | ||
| 651 | 4 |
_aEngland and Wales _y1543- |
|
| 690 | _aPROPERTY-LANDLORD AND TENANT-TENANCIES-DISTRESS FOR RENT | ||
| 942 | _n0 | ||
| 999 |
_c106569 _d106569 |
||